| 000 | 00911nam a22002297a 4500 | ||
|---|---|---|---|
| 008 | 171125s2007 br||||| |||| 00| 0 por d | ||
| 082 | 0 | 4 |
_a708 _bL586b |
| 100 | 1 |
_aLeonzini, Nessia. _96115 |
|
| 245 | 1 | 0 |
_aBrasil desfocos : _b[o olho de fora] / _ccuraduría por Nessia Leonzini y Paulo Herkenhoff. |
| 250 | _a1a edición. | ||
| 260 |
_aBrasil : _bCentro Cultural Banco do Brasil, _c2007. |
||
| 300 |
_a204 páginas : _bilustraciones en color. |
||
| 500 | _aCatálogo publicado con motivo a la exposición "Brasil desfocos [o olho de fora]", presentada del 30 de julio al 16 de setiembre de 2007, en Centro Cultural Banco do Brasil. | ||
| 653 | 1 | 0 | _aArte contemporáneo |
| 653 | 1 | 0 | _aArte - Brasil |
| 653 | 1 | 0 | _aCatálogo de exhibición |
| 653 | 1 | 0 | _aExhibiciones |
| 653 | 1 | 0 | _aFotografía |
| 653 | 1 | 0 | _aArtistas visuales |
| 653 | 1 | 0 | _aArte Latinoamericano |
| 700 | 1 |
_aHerkenhoff, Paulo. _ecurador. _93073 |
|
| 999 |
_c1367 _d1367 |
||